Library of the University of Algiers 3
Ibrahim Sultan Cheibout
شعار جامعة الجزائر 3
مكتبة جامعة الجزائر 3
إبراهيم سلطان شيبوط

نظرية السعر و استخداماتها : (رقم التسجيلة. 43863)

تفاصيل مارك
000 -LEADER
fixed length control field 02461nam a2200217Ia 4500
003 - CONTROL NUMBER IDENTIFIER
control field Ost
005 - DATE AND TIME OF LATEST TRANSACTION
control field 20260507075310.0
008 - FIXED-LENGTH DATA ELEMENTS--GENERAL INFORMATION
fixed length control field 260507s9999||||xx |||||||||||||| ||und||
020 ## - INTERNATIONAL STANDARD BOOK NUMBER
International Standard Book Number 7057212977
040 ## - CATALOGING SOURCE
Transcribing agency fsecg
041 ## - LANGUAGE CODE
Language code of text/sound track or separate title ara
082 ## - DEWEY DECIMAL CLASSIFICATION NUMBER
Classification number 330
100 ## - MAIN ENTRY--PERSONAL NAME
Personal name واتسن، دونالدس
Relator term مؤلف
245 #0 - TITLE STATEMENT
Title نظرية السعر و استخداماتها :
Remainder of title الجزء الأول /
Statement of responsibility, etc. دونالدس واتسن
260 ## - PUBLICATION, DISTRIBUTION, ETC.
Place of publication, distribution, etc. الاسكندرية:
Name of publisher, distributor, etc. مؤسسة شباب الجامعة,
Date of publication, distribution, etc. 2007
300 ## - PHYSICAL DESCRIPTION
Extent 316 صفحة؛
Other physical details إيضاحات ؛
Dimensions 24 سم
520 ## - SUMMARY, ETC.
Summary, etc. مقدمة عامة حول نظرية السعر 1) نظرية الطلب : الطلب ، العرض و سعر السوق ، مرونة الطلب السعرية و مفاهيم أخرئ للمرونة ، المنفعة القياسية و طلب المستهلك ، المنفعة الترتيبية و منحنيات السواء و المنفعة الكلية و المنفعة الحدية للدخل النقدي ، المنفعة الترتيبية و المخاطرة 2) نظرية المؤسسة : المؤسسة واتخاذ القرارات ، نظرية الانتاج و الاختيارات بين المدخلات و المخرجات ، دوال التكلفة و البرمجة الخطية 3) الاسعار في ظل المنافسة : اسعار الامد القصير و الامد الطويل في ظل المنافسة التامة ، التوازن في ظل المنافسة التامة مع بعض التطبيقات 4)تحليل السعر في ظل الاحتكار : الاسعار في ظل الاحتكار ، التمييز الاحتكاري أو التمييز السعري 5)السعر في ظل المنافسة غير التامة : المنافسة الاحتكارية ، احتكار القلة بعض النماذج التي تتضمن تحقيق أقصى الارباح وبعض النماذج التي لا تتضمن تحقيق أقصى الارباح 6)أسعار العناصر : أسعار عناصر الانتاج ، الاجور ، 7) الكفاءة الاقتصادية : التوازن العام و الرفاهية الاقتصادية و الكفاءة في التوازن العام للاسعار في ظل المنافسة التامة مع وجود ملاحظات رياضية في نهاية كل فصل.
653 ## - INDEX TERM--UNCONTROLLED
Uncontrolled term الأسعار
700 ## - ADDED ENTRY--PERSONAL NAME
Personal name هومان، ماريا
Relator term مؤلف ثانوي
942 ## - ADDED ENTRY ELEMENTS (KOHA)
Koha item type كتب
المقتنيات
Withdrawn status Lost status Source of classification or shelving scheme Damaged status Not for loan Home library Current library Date acquired Serial enumeration / chronology Inventory number Total checkouts Full call number Barcode Date last seen Price effective from Koha item type
    Dewey Decimal Classification   Available مكتبة كلية العلوم الإقتصادية والعلوم التجارية وعلوم التسيير مكتبة كلية العلوم الإقتصادية والعلوم التجارية وعلوم التسيير 07/05/2026 الطابق الأرضي 2011/1401   أ/3839ج1ن1 2011/1401 07/05/2026 07/05/2026 كتب
    Dewey Decimal Classification   Available مكتبة كلية العلوم الإقتصادية والعلوم التجارية وعلوم التسيير مكتبة كلية العلوم الإقتصادية والعلوم التجارية وعلوم التسيير 07/05/2026 الطابق الأرضي 2011/1402   أ/3839ج1ن2 2011/1402 07/05/2026 07/05/2026 كتب
    Dewey Decimal Classification   Available مكتبة كلية العلوم الإقتصادية والعلوم التجارية وعلوم التسيير مكتبة كلية العلوم الإقتصادية والعلوم التجارية وعلوم التسيير 07/05/2026 الطابق الأرضي 2011/1403   أ/3839ج1ن3 2011/1403 07/05/2026 07/05/2026 كتب
    Dewey Decimal Classification   NOT LOAN / إعارة داخلية مكتبة كلية العلوم الإقتصادية والعلوم التجارية وعلوم التسيير مكتبة كلية العلوم الإقتصادية والعلوم التجارية وعلوم التسيير 07/05/2026 الطابق الأرضي 025.21/15-1   أ/3839ج1ن4 025.21/15-1 07/05/2026 07/05/2026 كتب
    Dewey Decimal Classification   Available مكتبة كلية العلوم الإقتصادية والعلوم التجارية وعلوم التسيير مكتبة كلية العلوم الإقتصادية والعلوم التجارية وعلوم التسيير 07/05/2026 الطابق الأرضي 025.21/15-2   أ/3839ج1ن5 025.21/15-2 07/05/2026 07/05/2026 كتب

موارد الويب المفتوحة


© University of Algiers 3 All Rights Reserved
|
Implemented by LECHELAH Riad